| 000 | 00551nam a2200205Ia 4500 | ||
|---|---|---|---|
| 005 | 20250923145257.0 | ||
| 008 | 008 250917s9999 xx 000 0 eng d | ||
| 037 | _aTextual | ||
| 040 |
_aDSWL _beng _cDSWL |
||
| 041 |
_aeng _2eng |
||
| 084 |
_aY0bL, N71 _qDSWL |
||
| 100 |
_aRobinson, David _9833603 |
||
| 245 | 0 |
_aProcess of Becoming Ill _cby David Robinson |
|
| 260 |
_aLondon _bRoutledge & Kegal _c1971 |
||
| 300 | _axi,132p. | ||
| 365 |
_aGBP _b2.1 |
||
| 925 | _g2.1 | ||
| 942 |
_cTEXL _hY0bL, N71 |
||
| 999 |
_c1449354 _d1449354 |
||